00000000nam##2200000za#4500
0019.649733
003CaOODSP
00520210615113911
007ta
008150407|2006||||xxc|||||     f|0| 0 eng|d
020 |a0-662-40537-4
040 |aCaOODSP|beng
043 |an-cn---
0861 |aM144-84/2005E
1101 |aCanada.|bNatural Resources Canada. |bOffice of Energy Efficiency.
24510|aAll about gas fireplaces
2463 |aHome heating and cooling series
260 |aOttawa - Ontario : |bNatural Resources Canada. |cRevised December 2004, reprinted January 2006.
300 |a42p. : |bcoloured figs., tables ; |c21 cm.
5203 |aIf you're thinking about adding a gas fireplace to your home or changing your conventional wood-burning fireplace, this booklet gives you all the information you need to make a knowledgeable purchase decision that will save you money, increase your home's comfort and keep your home safe. It will also help you become an expert at understanding gas fireplace features from the types of venting to the types of ignition to what to look for in a gas fireplace and what to avoid.
563 |aSoftcover
590 |a06-13|b2006-03-31
69007|aHeating|2gcpds
77508|tLe guide complet des foyers à gaz |w(CaOODSP)9.682892